| 000 | 00600nam a22002173 4500 | ||
|---|---|---|---|
| 001 | 14140 | ||
| 003 | BD-RjUL | ||
| 005 | 20211208235558.0 | ||
| 008 | 140205s1948 xx 000 0 und d | ||
| 035 | _a(BD-RjUL)14192 | ||
| 040 |
_aEQO _cEQO _beng _dBD-RjUL |
||
| 041 | _aeng | ||
| 082 |
_a638.3 _bPRA |
||
| 245 | 0 | 0 |
_aPractical applications of recent lac research / _ced. by H.K. Sen and M. Venugopalan. |
| 250 | _aNew ed. | ||
| 260 |
_aBombay &c. : _c1948. _bOrien Longmans , |
||
| 300 |
_a123 p. ; _c25cm. |
||
| 700 | 1 |
_aSen, H. K. _944170 |
|
| 700 | 1 |
_aVenugopalan, M. _944171 |
|
| 942 |
_2ddc _cBK |
||
| 999 |
_c14140 _d14140 |
||